Produkcia bioplynu z odpadových tokov z výroby metylolalkánových kyselín

Saved in:
Bibliographic Details
Main Author: Sribniak, Iryna (Author)
Other Authors: Hutňan, Miroslav (Thesis advisor)
Format: Manuscript Book
Language:Slovak
Published: 2025
Subjects:
Online Access:http://is.stuba.sk/zp/portal_zp.pl?podrobnosti=192045
Tags: Add Tag
No Tags, Be the first to tag this record!

MARC

LEADER 00000ntm a22000003a 4500
001 stuzp104219
003 SK-STU
005 20250607210439.1
007 ta
008 150427s2015----xo-----f-mn---000-0-slo-d
040 |a STU  |b slo 
041 0 |a slo 
100 1 |a Sribniak, Iryna  |u 046290  |4 aut  |U FCHPT Ústav chemického a environmentálneho inžinierstva  |T FCHPT Oddelenie environmentálneho inžinierstva  |X 97439  |U C6290  |Y 120  |7 97439 
242 0 1 |a Production of biogas from waste streams from the production of methylalkanoic acids  |y eng 
245 1 0 |a Produkcia bioplynu z odpadových tokov z výroby metylolalkánových kyselín 
260 |c 2025 
650 4 |a methylolalkanoic acids  |2 eng 
650 4 |a anaerobic digestion  |2 eng 
650 4 |a mother liquors  |2 eng 
650 4 |a biogas  |2 eng 
650 4 |a metylolalkánové kyseliny  |2 slo 
650 4 |a anaeróbna fermentácia  |2 slo 
650 4 |a matečné lúhy  |2 slo 
650 4 |a bioplyn  |2 slo 
700 1 |a Hutňan, Miroslav  |u 046290  |k Z1  |4 ths  |U FCHPT Ústav chemického a environmentálneho inžinierstva  |T FCHPT Oddelenie environmentálneho inžinierstva  |X 3355  |U C6290  |Y 120  |7 A000003355 
856 4 |u http://is.stuba.sk/zp/portal_zp.pl?podrobnosti=192045